Reseña geológica de la provincia de Huelva / (Record no. 154641)
[ view plain ]
| 000 -LEADER | |
|---|---|
| campo de control de longitud fija | 00856nam a22001815i 4500 |
| 001 - NÚMERO DE CONTROL | |
| campo de control | 154641 |
| 003 - IDENTIFICADOR DE NÚMERO DE CONTROL | |
| campo de control | ES-MaACL |
| 005 - FECHA Y HORA DE LA ÚLTIMA TRANSACCIÓN | |
| campo de control | 20230906205815.0 |
| 008 - DATOS DE LONGITUD FIJA--INFORMACIÓN GENERAL | |
| campo de control de longitud fija | 040715s1878 sp |||| | spa d |
| 040 ## - FUENTE DE CATALOGACIÓN | |
| Centro catalogador/agencia de origen | CAM |
| Lengua de catalogación | spa |
| Centro/agencia transcriptor | CAM |
| 100 1# - ENTRADA PRINCIPAL--NOMBRE DE PERSONA | |
| Nombre de persona | Gonzalo y Tarín, Joaquín ( |
| Fechas asociadas al nombre | 1838-1910) |
| 9 (RLIN) | 127394 |
| 245 10 - MENCIÓN DEL TÍTULO | |
| Título | Reseña geológica de la provincia de Huelva / |
| Mención de responsabilidad, etc. | por Joaquín Gonzalo y Tarín. |
| 260 ## - PUBLICACIÓN, DISTRIBUCIÓN, ETC. | |
| Lugar de publicación, distribución, etc. | Madrid : |
| Nombre del editor, distribuidor, etc. | [s.n.], |
| Fecha de publicación, distribución, etc. | 1878 ( |
| Fabricante | Imprenta y fundición de Manuel Tello) |
| 300 ## - DESCRIPCIÓN FÍSICA | |
| Extensión | 138 p., [2] h. map. pleg. ; |
| Dimensiones | 25 cm. |
| 595 ## - | |
| -- | Del Boletín de la Comisión del Mapa Geológico de España. |
| 650 #4 - PUNTO DE ACCESO ADICIONAL DE MATERIA--TÉRMINO DE MATERIA | |
| Término de materia o nombre geográfico como elemento de entrada | Geología- |
| Subdivisión geográfica | Huelva (Provincia) |
| 9 (RLIN) | 155398 |
| 852 ## - LOCALIZACIÓN | |
| Ubicación | ES-MaACL |
| Número de control de estantería | T-1107-F-6 |
| Nota libre | -- Enc. hol., conservando la cub. original |
| -- | -- Legado Federico de Botella y de Hornos |
| -- | -- An ms.: ded. del autor a Federico de Botella y Hornos |
| -- | -- Enc. en un vol. facticio |
| Estatus retirado | Estado de pérdida | Estado de daño | No para préstamo | Colección | Biblioteca de origen | Biblioteca actual | Ubicación en estantería | Fecha de adquisición | Total de préstamos | Signatura topográfica completa | Código de barras | Visto por última vez | Precio de reemplazo | Tipo de ítem Koha |
|---|---|---|---|---|---|---|---|---|---|---|---|---|---|---|
| Colección de folletos | Biblioteca del Ateneo de Madrid | Biblioteca del Ateneo de Madrid | Depósito folletos | 17/01/2008 | T-1107-F-6 | 1161741 | 23/02/2023 | 23/02/2023 | Folleto |
